UM Logo

Thermal characterization approach for In Situ estimation of thermophysical properties of magnetic compoments of electric vehicle fast chargers / (Record no. 19852)

MARC details
000 -LEADER
fixed length control field 01124nam a22002177a 4500
005 - DATE AND TIME OF LATEST TRANSACTION
control field 20250917165107.0
008 - FIXED-LENGTH DATA ELEMENTS--GENERAL INFORMATION
fixed length control field 240326b ||||| |||| 00| 0 eng d
082 ## - DEWEY DECIMAL CLASSIFICATION NUMBER
Classification number DPer 621.381 In821 September 2022 v. 37 n. 9
100 ## - MAIN ENTRY--PERSONAL NAME
Personal name Tayyara, Omri.
Relator term author.
9 (RLIN) 55385
245 ## - TITLE STATEMENT
Title Thermal characterization approach for In Situ estimation of thermophysical properties of magnetic compoments of electric vehicle fast chargers /
Statement of responsibility, etc. Omri Tayyara, Maan Al-Zareer, Carlos M. da Silva, Youhan Monsoon Fu, Mehrdad Mastali, and Cristina H. Amon.
260 ## - PUBLICATION, DISTRIBUTION, ETC. (IMPRINT)
Place of publication, distribution, etc. New York ;
Name of publisher, distributor, etc. The Institute of Electrical and Electronics Engineers, Inc. ,
Date of publication, distribution, etc. September 2022.
300 ## - PHYSICAL DESCRIPTION
Extent Volume 37, pages 10761-10774 :
Other physical details illustration ;
Dimensions 28 cm.
500 ## - GENERAL NOTE
General note IEEE Transitions on Power Electronics, v. 37 n. 9, pages 10761-10774, September 2022.
700 ## - ADDED ENTRY--PERSONAL NAME
Personal name Tayyara, Omri.
Relator term author.
9 (RLIN) 55385
700 ## - ADDED ENTRY--PERSONAL NAME
Personal name Al-Zareer, Maan.
Relator term author.
9 (RLIN) 55386
700 ## - ADDED ENTRY--PERSONAL NAME
Personal name da Silva, Carlos M.
Relator term author.
9 (RLIN) 55387
700 ## - ADDED ENTRY--PERSONAL NAME
Personal name Fu, Youhan Monsoon.
Relator term author.
9 (RLIN) 55388
700 ## - ADDED ENTRY--PERSONAL NAME
Personal name Mastali, Mehrdad.
Relator term author.
9 (RLIN) 55389
700 ## - ADDED ENTRY--PERSONAL NAME
Personal name Amon, Cristina H.
Relator term author.
9 (RLIN) 55390
942 ## - ADDED ENTRY ELEMENTS (KOHA)
Source of classification or shelving scheme Dewey Decimal Classification
Koha item type Periodicals
Holdings
Withdrawn status Lost status Source of classification or shelving scheme Damaged status Not for loan Collection code Home library Current library Date acquired Total Checkouts Full call number Date last seen Price effective from Koha item type Public note
    Dewey Decimal Classification     Periodicals UM Digos College - LIC UM Digos College - LIC 03/26/2024   DPer 621.381 In821 September 2022 v. 37 n. 9 03/26/2024 03/26/2024 Periodicals Periodical Article